| 000 | 01555njm a22003137a 4500 | ||
|---|---|---|---|
| 005 | 20100915101217.0 | ||
| 007 | sd ammalaaahaa | ||
| 008 | 100915t xxu||||| |||| 00| 0 hin d | ||
| 028 |
_a7EPE 11030 _bHis Master's Voice |
||
| 035 | _aGR-02614 | ||
| 040 | _aSED/VEN | ||
| 100 |
_aKalle, Krishna _91184 |
||
| 245 |
_aCharhi jawani budhe nu / _cby Krishna Kalle ; music by Ravindra Jain ; lyric by S. P. Bakshi _h[sound recording] : |
||
| 246 | _aचढ़ी जवानी बूढ़े नु (कृष्णा काल्ले) | ||
| 260 |
_aDum Dum India _bHis Master's Voice _c1976 |
||
| 300 |
_a1 sound disc [Gramophone record] : _banalog, 45 3/1 rpm _c7 in. _fGramophone Record |
||
| 500 | _aBrief Record | ||
| 500 | _aHis Master's Voice | ||
| 500 | _aOrange | ||
| 500 | _aExtended Play | ||
| 505 | _aBudhe nu chrahi jawani part 1 (Charhi jawani budhe nu) (Krishna Kalle) बूढ़े नु चढ़ी जवानी पार्ट १ (चढ़ी जवानी बुढ़व नु ) (कृष्ण काल्ले ) Bahr tusa kanjri rakhi part 2 (Charhi jawani budhe nu) Krishna Kalle) बाहर तुसा कंजरी राखी पार्ट २ (चढ़ी जवानी बूढ़े नु ) (कृष्ण काल्ले ) | ||
| 650 |
_2Punjabi Song _xExcerpts _zIndia _920098 |
||
| 700 |
_aJain, Ravindra _920099 |
||
| 700 |
_920100 _aBakshi, S. P. |
||
| 700 | _920126 | ||
| 700 | _920127 | ||
| 942 |
_2ddc _cGR |
||
| 999 |
_c45941 _d45941 |
||